[Event "Kuppenheim 12h-Blitz (4m + 0s)"]
[Site "Rochade Kuppenheim"]
[Date "2004.05.15"]
[Round "2.27"]
[White "Lang (Kuppenheim)"]
[Black "Kingloek"]
[Result "0-1"]
[WhiteElo "2365"]
[BlackElo "2740"]
[PlyCount "168"]
[EventDate "2004.05.14"]

1. d4 {2} 1... Nf6 {1} 2. Nf3 {1} 2... d5 {1} 3. Bf4 {1} 3... c5 {1} 4. c3 {2}
4... Nc6 {1} 5. e3 {1} 5... Qb6 {1} 6. Qb3 {1} 6... c4 {1} 7. Qc2 {1} 7... Bf5
{2} 8. Qc1 {1} 8... e6 {1} 9. h3 {2} 9... Qd8 {4} 10. Nbd2 {1} 10... b5 {1} 11.
Be2 {2} 11... Rc8 {3} 12. O-O {2} 12... Bd6 {4} 13. Bxd6 {8} 13... Qxd6 {1} 14.
a3 {1} 14... a5 {3} 15. Bd1 {1} 15... O-O {5} 16. Bc2 {1} 16... b4 {1} 17. Bxf5
{3} 17... exf5 {1} 18. axb4 {0} 18... axb4 {1} 19. Ra6 {10} 19... Qc7 {2} 20.
Qc2 {3} 20... g6 {4} 21. Rfa1 {2} 21... Qb7 {11} 22. Ne5 {8} 22... b3 {20} 23.
Qd1 {3} 23... Rfe8 {57} 24. Ndf3 {7} 24... Ne4 {14} 25. Nxc6 {7} 25... Rxc6 {1}
26. Ra7 {0} 26... Qb8 {3} 27. Ne5 {10} 27... Rc7 {1} 28. R7a5 {4} 28... Qb7 {7}
29. R1a4 {6} 29... Re6 {4} 30. Qa1 {7} 30... Kg7 {4} 31. Ra8 {6} 31... Qb5 {10}
32. R4a5 {4} 32... Qb7 {2} 33. Rd8 {10} 33... Rd6 {5} 34. Rda8 {17} 34... Rf6 {
10} 35. f3 {3} 35... Ng3 {4} 36. Kf2 {5} 36... f4 {3} 37. exf4 {4} 37... Nf5 {2
} 38. g3 {7} 38... Nxd4 {5} 39. cxd4 {3} 39... Qb6 {0} 40. Qd1 {13} 40... c3 {1
} 41. bxc3 {7} 41... b2 {2} 42. R5a6 {14} 42... b1=Q {4} 43. Rxb6 {2} 43...
Rxb6 {1} 44. Qxb1 {2} 44... Rxb1 {0} 45. Ra3 {1} 45... Rc1 {1} 46. g4 {4} 46...
R7xc3 {2} 47. Ra7 {1} 47... Rc7 {0} 48. Ra5 {1} 48... f6 {2} 49. Nd3 {2} 49...
Rd1 {2} 50. Nc5 {1} 50... Re7 {1} 51. Ra4 {2} 51... Rd2+ {3} 52. Kf1 {3} 52...
Re3 {3} 53. g5 {2} 53... fxg5 {1} 54. fxg5 {1} 54... Rc3 {1} 55. Ke1 {1} 55...
Rh2 {1} 56. Ra7+ {1} 56... Kf8 {2} 57. Ra8+ {1} 57... Ke7 {1} 58. Ra7+ {0}
58... Kd8 {1} 59. Ra8+ {1} 59... Kc7 {1} 60. Kd1 {3} 60... Rxf3 {1} 61. Re8 {2}
61... Rf1+ {1} 62. Re1 {0} 62... Rxe1+ {0} 63. Kxe1 {0} 63... Rxh3 {0} 64. Ke2
{1} 64... Kc6 {0} 65. Kd2 {1} 65... Rh5 {0} 66. Ke2 {1} 66... Rxg5 {0} 67. Kd3
{0} 67... Rg4 {0} 68. Nb3 {1} 68... Rg3+ {1} 69. Kc2 {1} 69... Rxb3 {0} 70.
Kxb3 {1} 70... Kb5 {0} 71. Kc3 {0} 71... Ka4 {0} 72. Kd3 {1} 72... Kb3 {0} 73.
Ke3 {1} 73... Kc4 {0} 74. Kf4 {1} 74... Kxd4 {0} 75. Kg5 {0} 75... Kc3 {0} 76.
Kh6 {0} 76... d4 {0} 77. Kg7 {1} 77... d3 {0} 78. Kh6 {0} 78... d2 {0} 79. Kg5
{1} 79... d1=Q {0} 80. Kh6 {1} 80... Kc2 {0} 81. Kg7 {1} 81... Qd3 {0} 82. Kh6
{1} 82... Qe4 {0} 83. Kg7 {1} 83... Qe5+ {0} 84. Kh6 {1} 84... Qf5 {
Zeit  (Lag: Av=0.34s, max=0.4s) . 0} 0-1

[Event "Kuppenheim 12h-Blitz (4m + 0s)"]
[Site "Rochade Kuppenheim"]
[Date "2004.05.15"]
[Round "2.28"]
[White "Euler (Kuppenheim)"]
[Black "Kingloek"]
[Result "0-1"]
[WhiteElo "2280"]
[BlackElo "2740"]
[PlyCount "88"]
[EventDate "2004.05.14"]

1. e4 {2} 1... c5 {1} 2. Nf3 {1} 2... d6 {0} 3. d4 {1} 3... cxd4 {0} 4. Nxd4 {1
} 4... Nf6 {0} 5. Nc3 {1} 5... a6 {0} 6. Bc4 {2} 6... e6 {1} 7. Bb3 {1} 7...
Nc6 {5} 8. Bg5 {3} 8... Be7 {1} 9. Qd2 {21} 9... O-O {9} 10. O-O-O {4} 10...
Bd7 {1} 11. f4 {3} 11... Rc8 {3} 12. h4 {6} 12... b5 {5} 13. a3 {15} 13... h6 {
11} 14. g4 {3} 14... Nxg4 {14} 15. Rdg1 {18} 15... h5 {1} 16. Nf3 {23} 16...
Na5 {9} 17. Bxe7 {8} 17... Qxe7 {1} 18. Rd1 {7} 18... Nxb3+ {10} 19. cxb3 {1}
19... Bc6 {4} 20. Kb1 {5} 20... Rfd8 {2} 21. Ng5 {2} 21... a5 {6} 22. Rhf1 {9}
22... f6 {4} 23. f5 {21} 23... fxg5 {6} 24. hxg5 {3} 24... b4 {10} 25. f6 {10}
25... Qf7 {4} 26. g6 {6} 26... Qxg6 {3} 27. f7+ {1} 27... Kf8 {9} 28. Ne2 {9}
28... Bxe4+ {4} 29. Ka2 {2} 29... Rc2 {6} 30. Qd4 {5} 30... Rxe2 {8} 31. Qb6 {1
} 31... Qg5 {20} 32. Rxd6 {3} 32... Rxb2+ {2} 33. Kxb2 {5} 33... Qe5+ {2} 34.
Kc1 {8} 34... Qxd6 {5} 35. Qxd6+ {2} 35... Rxd6 {1} 36. axb4 {1} 36... axb4 {1}
37. Rf4 {0} 37... Rd4 {8} 38. Rf1 {6} 38... Ne3 {3} 39. Rg1 {3} 39... h4 {3}
40. Rg5 {3} 40... Kxf7 {4} 41. Kb2 {3} 41... Rd2+ {3} 42. Ka1 {1} 42... Rd1+ {8
} 43. Kb2 {2} 43... Nd5 {4} 44. Rh5 {3} 44... Rb1+ {
Zeit  (Lag: Av=0.34s, max=0.4s) . 2} 0-1

[Event "Kuppenheim 12h-Blitz (4m + 0s)"]
[Site "Rochade Kuppenheim"]
[Date "2004.05.15"]
[Round "2.29"]
[White "Kingloek"]
[Black "Kandic (Kuppenheim)"]
[Result "1-0"]
[WhiteElo "2740"]
[BlackElo "2250"]
[PlyCount "55"]
[EventDate "2004.05.14"]

1. d4 {1} 1... d6 {Kuppenheim bietet Remis 4} 2. Nf3 {2} 2... Nf6 {2} 3. c4 {2}
3... g6 {1} 4. Nc3 {1} 4... Bg7 {1} 5. e4 {1} 5... O-O {1} 6. Be2 {1} 6... c5 {
3} 7. O-O {4} 7... Nc6 {5} 8. d5 {2} 8... Ne5 {3} 9. Nxe5 {2} 9... dxe5 {2} 10.
Be3 {1} 10... b6 {7} 11. a3 {1} 11... e6 {13} 12. b4 {3} 12... exd5 {4} 13.
cxd5 {2} 13... cxb4 {5} 14. axb4 {5} 14... Nd7 {9} 15. Bb5 {7} 15... Bb7 {5}
16. Bc6 {1} 16... Qc8 {7} 17. b5 {6} 17... f5 {11} 18. f3 {5} 18... f4 {14} 19.
Bf2 {2} 19... g5 {1} 20. Ra4 {9} 20... Nf6 {6} 21. Rc4 {20} 21... g4 {6} 22. d6
{2} 22... Bxc6 {28} 23. bxc6 {6} 23... gxf3 {7} 24. d7 {16} 24... Qd8 {14} 25.
Qxf3 {8} 25... a5 {Kuppenheim bietet Remis 14} 26. Rd1 {3} 26... Qe7 {22} 27.
Bxb6 {2} 27... Kh8 {18} 28. Nd5 {
Kuppenheim gibt auf  (Lag: Av=1.06s, max=17.9s) 6} 1-0

[Event "Kuppenheim 12h-Blitz (4m + 0s)"]
[Site "Rochade Kuppenheim"]
[Date "2004.05.15"]
[Round "2.30"]
[White "Gauss (Kuppenheim)"]
[Black "Kingloek"]
[Result "0-1"]
[WhiteElo "2255"]
[BlackElo "2740"]
[PlyCount "50"]
[EventDate "2004.05.14"]

1. d4 {2} 1... Nf6 {2} 2. Nf3 {1} 2... d5 {2} 3. e3 {1} 3... c5 {1} 4. c3 {3}
4... Nc6 {4} 5. Bd3 {1} 5... Bg4 {2} 6. O-O {1} 6... e6 {4} 7. Nbd2 {1} 7...
Bd6 {1} 8. h3 {1} 8... Bh5 {1} 9. Qe2 {2} 9... O-O {3} 10. dxc5 {2} 10... Bxc5
{2} 11. e4 {1} 11... Ne5 {15} 12. exd5 {18} 12... Nxd3 {2} 13. Qxd3 {2} 13...
Qxd5 {15} 14. Qxd5 {3} 14... Nxd5 {1} 15. Ne5 {8} 15... Rfd8 {3} 16. Ne4 {2}
16... Bb6 {7} 17. g4 {9} 17... Bc7 {12} 18. f4 {27} 18... Bg6 {4} 19. Nxg6 {2}
19... hxg6 {0} 20. f5 {7} 20... exf5 {7} 21. gxf5 {1} 21... gxf5 {3} 22. Rxf5 {
4} 22... f6 {2} 23. Nc5 {5} 23... Bb6 {5} 24. c4 {20} 24... Ne7 {6} 25. Rh5 {12
} 25... g6 {Kuppenheim gibt auf  (Lag: Av=0.34s, max=0.4s) 1} 0-1